| 000 | 01102nam a2200217 i 4500 | ||
|---|---|---|---|
| 001 | 167734 | ||
| 003 | ES-MaACL | ||
| 005 | 20250905063054.0 | ||
| 008 | 991230m18731874fr |||| | fre d | ||
| 040 |
_aCCPB | B _bspa _cCCPB | B |
||
| 100 | 1 |
_aVivien de Saint Martin, Louis, _d1802-1897 _9133808 |
|
| 245 | 1 | 0 |
_aHistoire de La Géographie et des découvertes géographiques depuis les temps les plus reculés jusqu´a nos jours / _cpar M. Vivien de Saint-Martin ; accompagnée d´un atlas historique en douze feuilles. |
| 260 |
_aParis : _bLibrairie Hachette et C\pie\s, _c1873-1874 ( _fImp. Simon Raçon et Comp.) |
||
| 300 |
_a2 v. ; _c26 cm. |
||
| 510 | 3 | _aBL-OPAC, 21/411/06 | |
| 596 | _aTit. del t. de Atlas: Atlas dressé pour l'historie de la géographie et des découvertes géographiques depuis les temps les plus reculés jusq' a nos jours / pour Vivien de Saint-Martin. | ||
| 597 | _aT. I. (XVI, 615 p.) -- T. II (4 p., XII h. de map.) | ||
| 650 | 7 |
_aAtlas _2embne _910407 |
|
| 852 |
_aES-MaACL _jC-792 _z-- Enc. hol. _z.- Falta el vol. de atlas |
||
| 999 |
_c167734 _d167734 |
||